000 00357 a2200157 4500
001 72391
020 _a8530501233
040 _cAnchieta - Colégio São Paulo
100 _aAguiar, Luiz Antonio
240 1 0 _aDemétrio, o tímido
_lpor
245 1 0 _aDemétrio, o tímido
300 _a62
362 0 _a1997
650 4 _aLiteratura juvenil
942 _cBK
999 _c72391
_d72391